The making of modern Russia /

محفوظ في:

المؤلف الرئيسي: Kochan, Lionel (مؤلف)

التنسيق: كتاب

اللغة: English

منشور في: Harmondsworth : Penguin Books, 1965.

سلاسل: A Pelican books.

الموضوعات:

الوسوم: إضافة وسم

لا توجد وسوم, كن أول من يضع وسما على هذه التسجيلة!

رقم الطلب: DK40 .K71 1965

LEADER 00658nam a2200229I 4500
001 6434
003 OSt
005 20260121130532.0
008 130303s1965 enkb 000 0 eng d
040 |c ARCE Library 
050 4 |a DK40 .K71 1965 
100 1 |a Kochan, Lionel,  |e author  |9 34068 
245 1 4 |a The making of modern Russia /  |c by Lionel Kochan. 
264 1 |a Harmondsworth :   |b Penguin Books,   |c 1965. 
300 |a 335 pages :  |b maps ;  |c 18 cm. 
490 0 |a A Pelican books. 
500 |a Originally published by Jonathan Cape, 1962. 
651 0 |a Soviet Union  |x History. 
651 0 |a Russia   |x History. 
901 |a reviewed 
942 |c BK  |2 lcc 
999 |c 8504  |d 8504